000
00310nam a22001217a 4500
020
_a
0-07-019106-9
082
_a
621.3121 STR'E
100
_a
ELLIOTT, THOMAS C
_9
66015
245
_a
STANDARD HANDBOOK OF POWER PLANT ENGINEERING
260
_a
NEWYORK
_b
MCGRAW HILL
_c
1989
300
_a
XIV, 6.145P
942
_c
BK
999
_c
574066
_d
574066